| 000 | 00342nam a22001457a 4500 | ||
|---|---|---|---|
| 003 | macl | ||
| 005 | 20190917151647.0 | ||
| 008 | 190917b xxu||||| |||| 00| 0 eng d | ||
| 040 | _cmacl | ||
| 100 |
_aLuther, Narendra _98725 |
||
| 245 | _aA Bonsai Tree | ||
| 260 |
_aDelhi _bNiyogi Books _c2017 |
||
| 650 |
_aStory _976680 |
||
| 942 |
_2ddc _cBK |
||
| 999 |
_c61022 _d61022 |
||